000 00805nam a2200241 a 4500
001 BRCA_5670
005 20190320205156.0
008 220211t1929----fr-a######---#000-0#fre-#
041 _afre
044 _afr
050 4 _aNK2548
_b.J36 1929
100 1 _aJanneau, Guillaume
_914409
245 1 0 _aLes meubles
_cGuillaume Janneau.
260 _aParís
_bE. Flammarion
_cc1929
300 _a3 v.
_bil., láminas
_c22 cm.
440 0 _aLes Arts decoratifs
_914410
500 _aEjemplares iguales a U52 (Tomo I), U53 (Tomo II) y U54 (Tomo III)
500 _aF140
505 0 _aContenido: v.1. De l´art antique au style Louis XIV. -- v.2. Du style regence au style Louis XVI. -- v.3. Fin Louis XVI- Directoire- Empire
650 1 4 _aMuebles
_xHistoria
_zFrancia
_914411
902 _aGFM
942 _2lcc
_cB
999 _c5363
_d5363